Pozícia zásady rovnakého zaobchádzania v európskom práve a jej pracovnoprávny rozmer

Všeobecne o zásade rovnosti a zásade rovnakého zaobchádzania. Trh práce a zásada rovnakého zaobchádzania. Rovnaké zaobchádzanie medzi mužmi a ženami v oblasti odmeňovania za prácu. Zásada rovnakého zaobchádzania a jej reflexia v slovenskom právnom poriadku.

Na minha lista:
Detalhes bibliográficos
Autor principal: Gogová, Mária
Formato: Capítulo de Livro
Idioma:eslovaco
Assuntos:
Tags: Adicionar Tag
Sem tags, seja o primeiro a adicionar uma tag!

MARC

LEADER 00000naa$a2200000$$$4500
001 0055957
005 20231005085937.7
041 0 |a slo 
044 |a SK 
245 1 0 |a Pozícia zásady rovnakého zaobchádzania v európskom práve a jej pracovnoprávny rozmer  |c Mária Gogová 
520 |a Všeobecne o zásade rovnosti a zásade rovnakého zaobchádzania. Trh práce a zásada rovnakého zaobchádzania. Rovnaké zaobchádzanie medzi mužmi a ženami v oblasti odmeňovania za prácu. Zásada rovnakého zaobchádzania a jej reflexia v slovenskom právnom poriadku. 
610 2 0 |a diskriminácia pracovná 
610 2 0 |a diskriminácia rasová 
610 2 0 |a diskriminácia obchodná 
610 2 0 |a právo európske 
610 2 0 |a muži 
610 2 0 |a ženy 
610 2 0 |a trh práce 
610 2 0 |a odmeňovanie 
610 2 0 |a Slovensko 
610 2 0 |a legislatíva 
100 1 |a Gogová, Mária